STURDEVANT ART & SCIENCE OPERATIVE DENTISTRY (Record no. 2898)
[ view plain ]
| 000 -LEADER | |
|---|---|
| fixed length control field | 00390nam a2200145Ia 4500 |
| 008 - FIXED-LENGTH DATA ELEMENTS--GENERAL INFORMATION | |
| fixed length control field | 150201s2004 xx 000 0 und d |
| 082 ## - DEWEY DECIMAL CLASSIFICATION NUMBER | |
| Classification number | 617.692 |
| Item number | S2004R |
| 100 ## - MAIN ENTRY--PERSONAL NAME | |
| Personal name | RBERSON,THEODORE |
| 245 ## - TITLE STATEMENT | |
| Title | STURDEVANT ART & SCIENCE OPERATIVE DENTISTRY |
| 250 ## - EDITION STATEMENT | |
| Edition statement | 4TH |
| 260 ## - PUBLICATION, DISTRIBUTION, ETC. (IMPRINT) | |
| Name of publisher, distributor, etc. | MOSBY |
| Place of publication, distribution, etc. | DELHI |
| Date of publication, distribution, etc. | 2004 |
| 300 ## - PHYSICAL DESCRIPTION | |
| Extent | 1-950 |
| 650 ## - SUBJECT ADDED ENTRY--TOPICAL TERM | |
| Topical term or geographic name as entry element | CONSERVATIVE DENTISTRY & ENDODONTICS |
| 942 ## - ADDED ENTRY ELEMENTS (KOHA) | |
| Source of classification or shelving scheme | Dewey Decimal Classification |
| Koha item type | Books |
| Koha issues (borrowed), all copies | 13 |
| Withdrawn status | Lost status | Source of classification or shelving scheme | Damaged status | Not for loan | Home library | Current library | Date acquired | Source of acquisition | Cost, normal purchase price | Serial Enumeration / chronology | SGTU | Bill Number | Total Checkouts | Full call number | Barcode | Date last seen | Date last checked out | Bill Date | Koha item type | Total Renewals |
|---|---|---|---|---|---|---|---|---|---|---|---|---|---|---|---|---|---|---|---|---|
| Dewey Decimal Classification | SGT Dental Library | SGT Dental Library | 19/03/2004 | JAIN BOOK DEPOT | 1850.00 | 1 | SGTU | 877 | 6 | 617.692 S2004R | FD1701 | 25/02/2021 | 18/01/2021 | 05/03/2012 | Books | |||||
| Dewey Decimal Classification | SGT Dental Library | SGT Dental Library | 19/03/2004 | JAIN BOOK DEPOT | 1850.00 | 1 | SGTU | 877 | 17 | 617.692 S2004R | FD1702 | 03/12/2025 | 10/11/2025 | 05/03/2012 | Books | 3 | ||||
| Dewey Decimal Classification | SGT Dental Library | SGT Dental Library | 19/03/2004 | JAIN BOOK DEPOT | 1850.00 | 1 | SGTU | 877 | 13 | 617.692 S2004R | FD1703 | 03/12/2025 | 03/12/2025 | 05/03/2012 | Books | |||||
| Dewey Decimal Classification | SGT Dental Library | SGT Dental Library | 19/03/2004 | JAIN BOOK DEPOT | 1850.00 | 1 | SGTU | 877 | 617.692 S2004R | FD1704 | 09/02/2015 | 05/03/2012 | Books | |||||||
| Dewey Decimal Classification | SGT Dental Library | SGT Dental Library | 19/03/2004 | JAIN BOOK DEPOT | 1850.00 | 1 | SGTU | 877 | 3 | 617.692 S2004R | FD1705 | 25/02/2021 | 18/01/2021 | 05/03/2012 | Books |